00286nam a2200121Ia 4500008004100000041000800041100002000049245003100069260002300100300000800123520002500131650000800156230818s1988 xx 000 0 und d aeng aMinistry of Law aPayment of Wages Act. 1936 bS.L. Dwivedic1988 a20p aGeneral | Hard Board aLaw